Score 0/24 Timer 04:00
5 Plays Today
Column % Correct
American pancakes
98.7%
Hot dog
97.6%
Cheeseburger
97%
Oreos
96.7%
Potato chips
96.2%
Blueberry muffin
96.1%
Popcorn
94.6%
Barbecue ribs
93.7%
Apple pie
92.8%
Chocolate chip cookies
91.3%
Red velvet cake
89.7%
Pop-tarts
89.5%
Column % Correct
S'mores
88.6%
Pumpkin pie
88.6%
Sloppy Joe
87.4%
Cornbread
83.1%
Buffalo wings
79.3%
New England clam chowder
75.8%
Biscuits and gravy
71.5%
Cranberry sauce
71.4%
Reuben sandwich
54.2%
Grits
51%
Waldorf salad
43.5%
Succotash
18.7%
Remove Ads.
Support Sporcle.
Get the best of Sporcle when you Go Orange. This ad-free experience offers more features, more stats, and more fun while also helping to support Sporcle. Thank you for becoming a member.

You're not logged in!

Compare scores with friends on all Sporcle quizzes.
OR
Log In

Sporcle TV

Today on Sporcle TV


Watch our educational content, quiz creation guides, and fun videos on Sporcle TV.

Show Comments

Extras

Top Quizzes Today


Score Distribution

Paid Content

Your Account Isn't Verified!

In order to create a playlist on Sporcle, you need to verify the email address you used during registration. Go to your Sporcle Settings to finish the process.

Report this User

Report this user for behavior that violates our Community Guidelines.

Details: